000
00328nam a2200109Ia 4500
008
231129s9999||||xx |||||||||||||| ||spa||
020
_a
84-89213-29-1
082
_a
923.2 V648v
245
0
_a
Vida y obra de políticos y gobernantes
264
_a
Bogotá Colombia : Forja
942
_2
ddc
_c
BKS
999
_c
26304
_d
26304